000 00432nam a2200169Ia 4500
003 GCL
008 140319s9999 xx 000 0 eng d
040 _aGCL /
_cGCL
082 0 4 _a226
_bH N
100 1 _aHENDRIKSEN, WILLIAM
245 1 0 _aNEW TESTAMENT COMMENTARY /
_cHENDRIKSEN, WILLIAM
260 _a[S.N] :
_bBAKER BOOK HOUSE ،
_c1987
300 _a700 P
650 0 4 _aCHRISTIANITY
650 0 4 _aTESTAMENT
942 _2ddc
_cBK
999 _c19671
_d19671